| 000 | 01540nam0a2200349 i 4500 | ||
|---|---|---|---|
| 001 | RU\NLR\BIBL_A\010463953 | ||
| 005 | 20260406155824.0 | ||
| 010 |
_a9785906686916 _94000 |
||
| 021 |
_aRU _b2014-51576 _93124 |
||
| 035 | _a(NLR Aleph) 010463953 | ||
| 090 |
_a9991652 _c9991652 |
||
| 100 | _a20140919d2014 um y0rusy50 ca | ||
| 101 | 1 |
_arus _ceng |
|
| 102 | _aRU | ||
| 105 | _aa|||z||||00yy | ||
| 200 | 1 |
_aДаосские практики улучшения зрения _fМантэк Чиа, Роберт Левански _g[пер. с англ. Л. Милевской] |
|
| 210 |
_aМосква _cСофия _d2014 |
||
| 215 |
_a252, [1] с. _cил. _d21 |
||
| 300 | _aНа доп. тит. л. загл. и авт. на англ. яз.: The art of cocmic vision/ Мantak Chia, Robert T. Kewanski | ||
| 300 | _aНа обл. авт.: Мантэк Чиа | ||
| 513 | 1 |
_6z73790 _aThe art of cocmic vision/ Мantak Chia, Robert T. Lewanski |
|
| 606 |
_aЗрение _jПопулярные издания _xРасстройства _xТерапия методами китайской медицины _92114702 _3RU\NLR\AUTH\661581174 |
||
| 686 | 1 | _aР670.2-5я9 | |
| 686 | 1 | _aР120.43я9 | |
| 700 | 1 |
_8rus _7ca _aЧиа _bМ. _f1944- _gМантэк _3RU\NLR\AUTH\777960 _9117882 |
|
| 701 | 1 |
_aЛевански _bР.Т. _gРоберт Т. |
|
| 790 | 1 |
_8eng _7ba _aChia _bM. _f1944- _gMantak _3RU\NLR\AUTH\7750785 _933719 |
|
| 790 | 1 |
_6z73 _6z73513 _aLewanski _bR.T. _gRobert T. |
|
| 942 | _cBOOK | ||
| 980 | _aNBR | ||